[Event "Stay Safe Play From Home 280"]
[Site "Emanuel Lasker Arena"]
[Date "2020.07.06"]
[Round "9"]
[White "Weltszmerc"]
[Black "little champs"]
[Result "0-1"]
[WhiteElo "2112"]
[BlackElo "2316"]
[PlyCount "98"]
[EventDate "2020.07.06"]
[EventType "swiss (blitz)"]

1. d4 {[%emt 0:00:01]} c6 {[%emt 0:00:00]} 2. c4 {[%emt 0:00:00]} d5 {[%emt 0:00:00]} 3. Nf3 {[%emt 0:00:00]} dxc4 {[%emt 0:00:00]} 4. g3 {[%emt 0:00:00]} Nf6 {[%emt 0:00:01]} 5. Bg2 {[%emt 0:00:00]} g6 {[%emt 0:00:00]} 6. O-O {[%emt 0:00:00]} Bg7 {[%emt 0:00:00]} 7. Nbd2 {[%emt 0:00:00]} O-O {[%emt 0:00:01]} 8. Nxc4 {[%emt 0:00:01]} Be6 {[%emt 0:00:01]} 9. Qc2 {[%emt 0:00:01]} Na6 {[%emt 0:00:02]} 10. a3 {[%emt 0:00:02]} Nc7 {[%emt 0:00:01]} 11. e4 {[%emt 0:00:01]} Bxc4 {[%emt 0:00:01]} 12. Qxc4 {[%emt 0:00:01]} Nxe4 {[%emt 0:00:00]} 13. Ne5 {[%emt 0:00:00]} Nd6 {[%emt 0:00:01]} 14. Qd3 {[%emt 0:00:01]} Nf5 {[%emt 0:00:02]} 15. Qe4 {[%emt 0:00:05]} Qxd4 {[%emt 0:00:02]} 16. Qxd4 {[%emt 0:00:00]} Nxd4 {[%emt 0:00:00]} 17. Bf4 {[%emt 0:00:05]} Rfd8 {[%emt 0:00:05]} 18. Nxg6 {[%emt 0:00:05]} hxg6 {[%emt 0:00:02]} 19. Bxc7 {[%emt 0:00:01]} Rd7 {[%emt 0:00:00]} 20. Bf4 {[%emt 0:00:01]} Ne2+ {[%emt 0:00:01]} 21. Kh1 {[%emt 0:00:01]} Nxf4 {[%emt 0:00:00]} 22. gxf4 {[%emt 0:00:00]} Bxb2 {[%emt 0:00:00]} 23. Rab1 {[%emt 0:00:02]} Bg7 {[%emt 0:00:01]} 24. f5 {[%emt 0:00:03]} gxf5 {[%emt 0:00:01]} 25. Rb3 {[%emt 0:00:06]} Rad8 {[%emt 0:00:01]} 26. h3 {[%emt 0:00:02]} Rd1 {[%emt 0:00:01]} 27. Rxd1 {[%emt 0:00:01]} Rxd1+ {[%emt 0:00:01]} 28. Bf1 {[%emt 0:00:05]} Rxf1+ {[%emt 0:00:01]} 29. Kg2 {[%emt 0:00:00]} Ra1 {[%emt 0:00:02]} 30. Rxb7 {[%emt 0:00:00]} Rxa3 {[%emt 0:00:01]} 31. Rxe7 {[%emt 0:00:01]} a5 {[%emt 0:00:00]} 32. Rc7 {[%emt 0:00:01]} a4 {[%emt 0:00:01]} 33. Rxc6 {[%emt 0:00:01]} Ra1 {[%emt 0:00:01]} 34. Rc8+ {[%emt 0:00:01]} Kh7 {[%emt 0:00:01]} 35. Ra8 {[%emt 0:00:00]} a3 {[%emt 0:00:01]} 36. Ra5 {[%emt 0:00:03]} a2 {[%emt 0:00:01]} 37. Rxf5 {[%emt 0:00:00]} Rg1+ {[%emt 0:00:01]} 38. Kxg1 {[%emt 0:00:01]} a1=Q+ {[%emt 0:00:00]} 39. Kg2 {[%emt 0:00:00]} Qa8+ {[%emt 0:00:01]} 40. Kg3 {[%emt 0:00:02]} Qb7 {[%emt 0:00:03]} 41. Rh5+ {[%emt 0:00:02]} Kg6 {[%emt 0:00:01]} 42. Rh4 {[%emt 0:00:00]} Be5+ {[%emt 0:00:02]} 43. f4 {[%emt 0:00:00]} Qb3+ {[%emt 0:00:01]} 44. Kg4 {[%emt 0:00:00]} Qd1+ {[%emt 0:00:01]} 45. Kg3 {[%emt 0:00:01]} Qe1+ {[%emt 0:00:01]} 46. Kg4 {[%emt 0:00:01]} Qe2+ {[%emt 0:00:01]} 47. Kg3 {[%emt 0:00:01]} Qe3+ {[%emt 0:00:01]} 48. Kg2 {[%emt 0:00:00]} Bxf4 {[%emt 0:00:03]} 49. Rg4+ {[%emt 0:00:00]} Kf5 {[%emt 0:00:00] Czas partii (Lag: Av=1.20s, max=2.1s)} 0-1

[Event "Stay Safe Play From Home 280"]
[Site "Emanuel Lasker Arena"]
[Date "2020.07.06"]
[Round "9"]
[White "Bardellosport"]
[Black "Robk"]
[Result "1-0"]
[WhiteElo "2024"]
[BlackElo "1598"]
[PlyCount "53"]
[EventDate "2020.07.06"]
[EventType "swiss (blitz)"]

1. c4 {[%emt 0:00:02]} e5 {[%emt 0:00:02]} 2. g3 {[%emt 0:00:00]} Nf6 {[%emt 0:00:01]} 3. Bg2 {[%emt 0:00:00]} d5 {[%emt 0:00:02]} 4. Nc3 {[%emt 0:00:00]} Be6 {[%emt 0:00:03]} 5. cxd5 {[%emt 0:00:03]} Nxd5 {[%emt 0:00:00]} 6. e4 {[%emt 0:00:01]} Nxc3 {[%emt 0:00:02]} 7. bxc3 {[%emt 0:00:00]} Nc6 {[%emt 0:00:02]} 8. Nf3 {[%emt 0:00:00]} Bd6 {[%emt 0:00:03]} 9. O-O {[%emt 0:00:01]} O-O {[%emt 0:00:01]} 10. d4 {[%emt 0:00:01]} exd4 {[%emt 0:00:02]} 11. cxd4 {[%emt 0:00:00]} Bd7 {[%emt 0:00:02]} 12. e5 {[%emt 0:00:01]} Be7 {[%emt 0:00:02]} 13. Bf4 {[%emt 0:00:01]} Be6 {[%emt 0:00:04]} 14. Ng5 {[%emt 0:00:01]} Bd5 {[%emt 0:00:02]} 15. Ne4 {[%emt 0:00:02]} h6 {[%emt 0:00:03]} 16. Qg4 {[%emt 0:00:01]} Kh7 {[%emt 0:00:04]} 17. Rae1 {[%emt 0:00:02]} Nxd4 {[%emt 0:00:04]} 18. Rd1 {[%emt 0:00:02]} Ne6 {[%emt 0:00:03]} 19. Nf6+ {[%emt 0:00:01]} Bxf6 {[%emt 0:00:04]} 20. Rxd5 {[%emt 0:00:02]} Bg5 {[%emt 0:00:03]} 21. Rxd8 {[%emt 0:00:02]} Bxf4 {[%emt 0:00:02]} 22. Rxf8 {[%emt 0:00:02]} Rxf8 {[%emt 0:00:02]} 23. Be4+ {[%emt 0:00:01]} Kh8 {[%emt 0:00:03]} 24. gxf4 {[%emt 0:00:01]} Nc5 {[%emt 0:00:01]} 25. Bg2 {[%emt 0:00:01]} Nd3 {[%emt 0:00:01]} 26. Rd1 {[%emt 0:00:01]} Nxe5 {[%emt 0:00:02]} 27. fxe5 {[%emt 0:00:01] Time} 1-0

[Event "Stay Safe Play From Home 280"]
[Site "Emanuel Lasker Arena"]
[Date "2020.07.06"]
[Round "9"]
[White "Ironmike"]
[Black "Mepe_Nika"]
[Result "0-1"]
[WhiteElo "1991"]
[BlackElo "2377"]
[PlyCount "50"]
[EventDate "2020.07.06"]
[EventType "swiss (blitz)"]
[WhiteTeam "SV Horst-Emscher I"]

{Dönges, Dirk (1820)} 1. e4 {[%emt 0:00:01]} e5 {[%emt 0:00:01]} 2. Nf3 {[%emt 0:00:01]} Nc6 {[%emt 0:00:01]} 3. Bc4 {[%emt 0:00:00]} Nf6 {[%emt 0:00:01]} 4. Nc3 {[%emt 0:00:01]} Nxe4 {[%emt 0:00:02]} 5. Nxe4 {[%emt 0:00:01]} d5 {[%emt 0:00:00]} 6. Bxd5 {[%emt 0:00:00]} Qxd5 {[%emt 0:00:01]} 7. Nc3 {[%emt 0:00:00]} Qd6 {[%emt 0:00:02]} 8. Qe2 {[%emt 0:00:00]} Be7 {[%emt 0:00:01]} 9. O-O {[%emt 0:00:00]} Bg4 {[%emt 0:00:01]} 10. h3 {[%emt 0:00:01]} Nd4 {[%emt 0:00:01]} 11. Qe3 {[%emt 0:00:01]} Bxf3 {[%emt 0:00:04]} 12. gxf3 {[%emt 0:00:02]} Nxc2 {[%emt 0:00:00]} 13. Qe4 {[%emt 0:00:03]} Nxa1 {[%emt 0:00:01]} 14. d4 {[%emt 0:00:01]} Qxd4 {[%emt 0:00:03]} 15. Qxb7 {[%emt 0:00:02]} O-O {[%emt 0:00:01]} 16. Be3 {[%emt 0:00:02]} Qh4 {[%emt 0:00:02]} 17. Qxc7 {[%emt 0:00:02]} Bg5 {[%emt 0:00:02]} 18. Qxe5 {[%emt 0:00:02]} Bxe3 {[%emt 0:00:01]} 19. fxe3 {[%emt 0:00:01]} Nc2 {[%emt 0:00:01]} 20. Rf2 {[%emt 0:00:04]} Rae8 {[%emt 0:00:01]} 21. Qh2 {[%emt 0:00:05]} Nxe3 {[%emt 0:00:01]} 22. Ne4 {[%emt 0:00:03]} Nf5 {[%emt 0:00:02]} 23. Ng5 {[%emt 0:00:02]} Qxg5+ {[%emt 0:00:01]} 24. Rg2 {[%emt 0:00:00]} Re1+ {[%emt 0:00:03]} 25. Kf2 {[%emt 0:00:02]} Qe3# {[%emt 0:00:00] (Lag: Av=0.39s, max=0.7s)} 0-1

[Event "Stay Safe Play From Home 280"]
[Site "Emanuel Lasker Arena"]
[Date "2020.07.06"]
[Round "9"]
[White "NeatFox"]
[Black "AChessPlayer"]
[Result "0-1"]
[WhiteElo "1937"]
[BlackElo "2428"]
[PlyCount "24"]
[EventDate "2020.07.06"]
[EventType "swiss (blitz)"]

1. g4 {[%emt 0:00:01]} d6 {[%emt 0:00:01]} 2. Bg2 {[%emt 0:00:00]} c6 {[%emt 0:00:01]} 3. c4 {[%emt 0:00:00]} Bxg4 {[%emt 0:00:01]} 4. Qb3 {[%emt 0:00:00]} Bc8 {[%emt 0:00:00]} 5. d4 {[%emt 0:00:01]} Nf6 {[%emt 0:00:01]} 6. Nc3 {[%emt 0:00:01]} Nbd7 {[%emt 0:00:00]} 7. Nf3 {[%emt 0:00:03]} e5 {[%emt 0:00:00]} 8. dxe5 {[%emt 0:00:01]} dxe5 {[%emt 0:00:01]} 9. Ne4 {[%emt 0:00:01]} Nxe4 {[%emt 0:00:02]} 10. Be3 {[%emt 0:00:02]} Qa5+ {[%emt 0:00:01]} 11. Bd2 {[%emt 0:00:02]} Nxd2 {[%emt 0:00:02]} 12. Nxd2 {[%emt 0:00:00]} Bb4 {[%emt 0:00:00] NeatFox gibt auf (Lag: Av=0.45s, max=0.8s)} 0-1

[Event "Stay Safe Play From Home 280"]
[Site "Emanuel Lasker Arena"]
[Date "2020.07.06"]
[Round "9"]
[White "Greblha"]
[Black "SoulofWolf"]
[Result "0-1"]
[WhiteElo "1914"]
[BlackElo "2110"]
[PlyCount "78"]
[EventDate "2020.07.06"]
[EventType "swiss (blitz)"]

1. e4 {[%emt 0:00:01]} d5 {[%emt 0:00:00]} 2. Nc3 {[%emt 0:00:01]} d4 {[%emt 0:00:01]} 3. Nce2 {[%emt 0:00:01]} c5 {[%emt 0:00:00]} 4. Ng3 {[%emt 0:00:01]} Nc6 {[%emt 0:00:00]} 5. Nf3 {[%emt 0:00:01]} g6 {[%emt 0:00:00]} 6. Bc4 {[%emt 0:00:01]} h5 {[%emt 0:00:01]} 7. h4 {[%emt 0:00:01]} Bg7 {[%emt 0:00:01]} 8. d3 {[%emt 0:00:01]} e6 {[%emt 0:00:01]} 9. O-O {[%emt 0:00:02]} Nh6 {[%emt 0:00:01]} 10. Bg5 {[%emt 0:00:02]} Qb6 {[%emt 0:00:01]} 11. b3 {[%emt 0:00:01]} O-O {[%emt 0:00:02]} 12. Qd2 {[%emt 0:00:01]} Ng4 {[%emt 0:00:01]} 13. Nh2 {[%emt 0:00:01]} Nxh2 {[%emt 0:00:01]} 14. Kxh2 {[%emt 0:00:00]} Ne5 {[%emt 0:00:02]} 15. Bh6 {[%emt 0:00:01]} Ng4+ {[%emt 0:00:01]} 16. Kh3 {[%emt 0:00:01]} Nxh6 {[%emt 0:00:00]} 17. f4 {[%emt 0:00:00]} e5+ {[%emt 0:00:01]} 18. Kh2 {[%emt 0:00:03]} exf4 {[%emt 0:00:01]} 19. Qxf4 {[%emt 0:00:01]} Bf6 {[%emt 0:00:08]} 20. Qxh6 {[%emt 0:00:02]} Bxh4 {[%emt 0:00:05]} 21. Rf3 {[%emt 0:00:10]} Qc7 {[%emt 0:00:01]} 22. Qxg6+ {[%emt 0:00:02]} Kh8 {[%emt 0:00:01]} 23. Qxh5+ {[%emt 0:00:01]} Kg7 {[%emt 0:00:02]} 24. Qxh4 {[%emt 0:00:02]} Rh8 {[%emt 0:00:00]} 25. Rf4 {[%emt 0:00:04]} Rxh4+ {[%emt 0:00:01]} 26. Rxh4 {[%emt 0:00:01]} Be6 {[%emt 0:00:02]} 27. Bxe6 {[%emt 0:00:02]} fxe6 {[%emt 0:00:00]} 28. Kh3 {[%emt 0:00:00]} Rh8 {[%emt 0:00:02]} 29. Nh5+ {[%emt 0:00:01]} Kg8 {[%emt 0:00:04]} 30. g4 {[%emt 0:00:01]} Qf7 {[%emt 0:00:04]} 31. Rg1 {[%emt 0:00:01]} Qf3+ {[%emt 0:00:01]} 32. Rg3 {[%emt 0:00:01]} Qf1+ {[%emt 0:00:00]} 33. Kh2 {[%emt 0:00:01]} Kf7 {[%emt 0:00:01]} 34. g5 {[%emt 0:00:01]} Ke7 {[%emt 0:00:01]} 35. g6 {[%emt 0:00:02]} b5 {[%emt 0:00:01]} 36. g7 {[%emt 0:00:01]} Rg8 {[%emt 0:00:00]} 37. Nf4 {[%emt 0:00:02]} Qf2+ {[%emt 0:00:01]} 38. Kh3 {[%emt 0:00:01]} Qf1+ {[%emt 0:00:01]} 39. Kh2 {[%emt 0:00:01]} c4 {[%emt 0:00:02] Zeit (Lag: Av=0.32s, max=0.7s)} 0-1

[Event "Stay Safe Play From Home 280"]
[Site "Emanuel Lasker Arena"]
[Date "2020.07.06"]
[Round "9"]
[White "Justwatch"]
[Black "VotaryRoma"]
[Result "0-1"]
[WhiteElo "1709"]
[BlackElo "2139"]
[PlyCount "60"]
[EventDate "2020.07.06"]
[EventType "swiss (blitz)"]

1. e4 {[%emt 0:00:01]} c5 {[%emt 0:00:02]} 2. Nf3 {[%emt 0:00:00]} e6 {[%emt 0:00:00]} 3. Nc3 {[%emt 0:00:01]} d5 {[%emt 0:00:00]} 4. exd5 {[%emt 0:00:01]} exd5 {[%emt 0:00:00]} 5. Bb5+ {[%emt 0:00:01]} Nc6 {[%emt 0:00:01]} 6. Bxc6+ {[%emt 0:00:01]} bxc6 {[%emt 0:00:00]} 7. O-O {[%emt 0:00:01]} Nf6 {[%emt 0:00:00]} 8. Re1+ {[%emt 0:00:00]} Be7 {[%emt 0:00:00]} 9. d3 {[%emt 0:00:00]} O-O {[%emt 0:00:00]} 10. Ne5 {[%emt 0:00:00]} Bd7 {[%emt 0:00:01]} 11. Nxd7 {[%emt 0:00:01]} Qxd7 {[%emt 0:00:00]} 12. Bg5 {[%emt 0:00:01]} h6 {[%emt 0:00:01]} 13. Bh4 {[%emt 0:00:01]} Rfe8 {[%emt 0:00:01]} 14. Qf3 {[%emt 0:00:02]} Nh7 {[%emt 0:00:03]} 15. Bxe7 {[%emt 0:00:01]} Rxe7 {[%emt 0:00:00]} 16. Rxe7 {[%emt 0:00:02]} Qxe7 {[%emt 0:00:00]} 17. h3 {[%emt 0:00:02]} Re8 {[%emt 0:00:01]} 18. a3 {[%emt 0:00:02]} Ng5 {[%emt 0:00:00]} 19. Qg4 {[%emt 0:00:01]} Qe6 {[%emt 0:00:02]} 20. Qg3 {[%emt 0:00:01]} Qe5 {[%emt 0:00:01]} 21. f4 {[%emt 0:00:01]} Qd4+ {[%emt 0:00:02]} 22. Kh2 {[%emt 0:00:02]} Ne6 {[%emt 0:00:02]} 23. Rf1 {[%emt 0:00:02]} f5 {[%emt 0:00:02]} 24. Qg6 {[%emt 0:00:02]} Re7 {[%emt 0:00:07]} 25. Qxf5 {[%emt 0:00:01]} Qf6 {[%emt 0:00:01]} 26. Qg4 {[%emt 0:00:01]} Nd4 {[%emt 0:00:02]} 27. f5 {[%emt 0:00:01]} Nxc2 {[%emt 0:00:03]} 28. Rf3 {[%emt 0:00:02]} Ne3 {[%emt 0:00:02]} 29. Rg3 {[%emt 0:00:01]} Nxg4+ {[%emt 0:00:01]} 30. Rxg4 {[%emt 0:00:01]} Qxf5 {[%emt 0:00:01]} 0-1

[Event "Stay Safe Play From Home 280"]
[Site "Emanuel Lasker Arena"]
[Date "2020.07.06"]
[Round "9"]
[White "Mandy"]
[Black "Klasman"]
[Result "0-1"]
[WhiteElo "926"]
[BlackElo "1408"]
[Annotator "NA"]
[PlyCount "38"]
[EventDate "2020.07.06"]
[EventType "swiss (blitz)"]

1. d4 {[%emt 0:00:03]} f5 {[%emt 0:00:02]} 2. Bf4 {[%emt 0:00:00]} Nf6 {[%emt 0:00:02]} 3. e3 {[%emt 0:00:00]} d5 {[%emt 0:00:01]} 4. Nf3 {[%emt 0:00:01]} c6 {[%emt 0:00:01]} 5. h3 {[%emt 0:00:01]} e6 {[%emt 0:00:01]} 6. Bd3 {[%emt 0:00:02]} Bd6 {[%emt 0:00:01]} 7. Ne5 {[%emt 0:00:03]} Bxe5 {[%emt 0:00:02]} 8. Bxe5 {[%emt 0:00:02]} Nbd7 {[%emt 0:00:02]} 9. Bg3 {[%emt 0:00:03]} O-O {[%emt 0:00:03]} 10. c3 {[%emt 0:00:01]} Ne4 {[%emt 0:00:01]} 11. O-O {[%emt 0:00:03]} Qg5 {[%emt 0:00:03]} 12. Qf3 {[%emt 0:00:11]} Ndf6 {[%emt 0:00:06]} 13. Nd2 {[%emt 0:00:02]} Bd7 {[%emt 0:00:02]} 14. h4 {[%emt 0:00:02]} Qg6 {[%emt 0:00:04]} 15. Be5 {[%emt 0:00:05]} Nh5 {[%emt 0:00:02]} 16. Nxe4 {[%emt 0:00:07]} fxe4 {[%emt 0:00:02]} 17. Bxe4 {[%emt 0:00:03]} dxe4 {[%emt 0:00:02]} 18. Qh3 {[%emt 0:00:02]} Rf5 {[%emt 0:00:02]} 19. Bd6 {[%emt 0:00:04]} e5 {[%emt 0:00:03] Zeit (Lag: Av=0.50s, max=0.7s)} 0-1